Lectures françaises à l'usage des familles et des maisons d'éducation en Russie (Запись № 10704117)

Подробности
000 -МАРКЕР
контрольное поле 00908nam1a22002411i 4500
001 - ИДЕНТИФИКАТОР ЗАПИСИ
контрольное поле RU\INFOCOMM_317\NLR\5000032245
005 - ИДЕНТИФИКАТОР ВЕРСИИ
контрольное поле 20240725033107.0
035 ## - ДРУГИЕ СИСТЕМНЫЕ НОМЕРА
Идентификатор записи (NLR Aleph) 010650973
100 ## - ДАННЫЕ ОБЩЕЙ ОБРАБОТКИ
Данные общей обработки 20130328d1841 |||y0rusy50 ba
101 0# - ЯЗЫК РЕСУРСА
Язык текста, звукозаписи и т.д. французский
102 ## - СТРАНА ПУБЛИКАЦИИ ИЛИ ПРОИЗВОДСТВА
Страна публикации российская федерация
105 ## - ПОЛЕ КОДИРОВАННЫХ ДАННЫХ: ТЕКСТОВЫЕ МАТЕРИАЛЫ, МОНОГРАФИЧЕСКИЕ
Кодированные данные о монографическом текстовом документе y z||||
200 1# - ЗАГЛАВИЕ И СВЕДЕНИЯ ОБ ОТВЕТСТВЕННОСТИ
Основное заглавие Lectures françaises à l'usage des familles et des maisons d'éducation en Russie
Сведения, относящиеся к заглавию Ouvrage gradué pour le premier âge, l'enfance, l'adolescence et la jeunesse
Первые сведения об ответственности Par Charles de St. Hilaire ...
210 ## - ПУБЛИКАЦИЯ, РАСПРОСТРАНЕНИЕ И ДР.
Место издания, распространения и т.д. St.-Petersbourg
-- St. Pétersbourg
Имя издателя, распространителя и т. д. F. Bellizard et c-ie
Дата издания, распространения и т.д. 1841
215 ## - ФИЗИЧЕСКАЯ ХАРАКТЕРИСТИКА
Специфическое обозначение материала и объем 2 т.
Размеры 19 см
620 ## - МЕСТО И ДАТА ПУБЛИКАЦИИ, ИСПОЛНЕНИЯ И Т. Д.
Страна Санкт-Петербург
700 #1 - ИМЯ ЛИЦА - ПЕРВИЧНАЯ ОТВЕТСТВЕННОСТЬ
Системный номер авторитетной/нормативной записи z01790
Начальный элемент ввода Saint-Hilaire
Часть имени, кроме начального элемента ввода Ch. de
Расширение инициалов личного имени Charles de
790 #1 - ИМЯ ЛИЦА - АЛЬТЕРНАТИВНАЯ ФОРМА
Системный номер авторитетной/нормативной записи z01700
Начальный элемент ввода St. Hilaire
Часть имени, кроме начального элемента ввода Ch. de
Расширение инициалов личного имени Charles de
Код отношения Автор
801 #1 - ИСТОЧНИК ЗАПИСИ
Страна российская федерация
Организация Infocomm
Дата составления 20130328
801 #0 - ИСТОЧНИК ЗАПИСИ
Страна российская федерация
Организация INFOCOMM
Правила каталогизации PSBO
852 ## - МЕСТОНАХОЖДЕНИЕ И ШИФР ХРАНЕНИЯ
Идентификатор организации NLR
Шифр хранения (Call Number) Я61 Б-3/7
942 ## - ДОПОЛНИТЕЛЬНЫЕ ЭЛЕМЕНТЫ ЗАПИСИ (АБИС)
Тип экземпляра АБИС Книга

Нет доступных экземпляров.